[Event "COL-chT Interclubes"]
[Site "Colombia"]
[Date "2012.??.??"]
[Round "3.5"]
[White "Barragan, Alfonso"]
[Black "Henao, Javier"]
[Result "0-1"]
[WhiteElo "1616"]
[BlackElo "1830"]
[PlyCount "106"]
[EventDate "2012.11.23"]
[EventType "tourn"]
[EventRounds "7"]
[EventCountry "COL"]
[SourceTitle "EXT 2024"]
[Source "ChessBase"]
[SourceDate "2023.10.10"]
[SourceVersion "1"]
[SourceVersionDate "2023.10.10"]
[SourceQuality "1"]

1. g3 e5 2. d3 d5 3. Bg2 f5 4. Nf3 Nc6 5. 0-0 Nf6 6. Bg5 h6 7. Bd2 Bd6 8. c3 0-0 9. b4 e4 10. Ne1 g5 11. a4 f4 12. dxe4 dxe4 13. b5 fxg3 14. fxg3 Ne5 15. Be3 Neg4 16. Bd4 c5 17. Bxf6 Rxf6 18. Nd2 Ne3 19. Qb1 Nxf1 20. Nxe4 Ne3 21. Nxf6+ Qxf6 22. Qe4 Nxg2 23. Kxg2 Bf5 24. Qd5+ Be6 25. Qxb7 Rf8 26. Nf3 g4 27. Nh4 Qe5 28. e4 Qxc3 29. Rg1 Qd2+ 30. Kh1 Rf2 31. Ng2 c4 32. Qa8+ Kg7 33. Qxa7+ Bf7 34. a5 Qe2 35. Qe3 Rxg2 36. Qc3+ Kg6 37. Rxg2 Qxe4 38. Kg1 Bc5+ 39. Kf1 Bd5 40. Qc2 Kf5 41. b6 Qxc2 42. Rxc2 Ke4 43. Re2+ Kd3 44. Re5 Kd4 45. Re8 c3 46. Ke1 Bb4 47. Kd1 Bxa5 48. b7 Bxb7 49. Kc2 Be4+ 50. Kb3 Kd3 51. Re5 c2 52. Kb2 Bc3+ 53. Kc1 Bd2+ 0-1